[Event "Êîìàíäíîå ïåð-âî ÐÔ 2012 ã. ïî êëàññè÷åñêèì øàõìàòàì "]
[Site "Ðûáèíñê"]
[Date "2012.08.04"]
[Round "3.63"]
[White "Öâåòêîâ Ïàâåë"]
[Black "Ðîìàíîâ Ñòàíèñëàâ"]
[Result "1-0"]
[WhiteElo "2044"]
[BlackElo "2115"]
[Annotator ""]
[Source ""]
[Remark ""]

1.e4 c5 2.Nf3 Nc6 3.d4 cxd4 4.Nxd4 e5 5.Nxc6 bxc6 6.Nc3 Nf6 7.Bc4
Bb4 8.Bg5 h6 9.Bh4 Qa5 10.Qf3 Qc5 11.Bxf6 gxf6 12.Qxf6 Rf8 13.Bd3
Bxc3+ 14.bxc3 Qxc3+ 15.Ke2 c5 16.Rab1 c4 17.Rhc1 Rg8 18.Qxh6
Rg6 19.Qh8+ Ke7 20.Qh4+ Rf6 21.Kf1 cxd3 22.cxd3 Qxd3+ 23.Kg1
Ba6 24.Rd1 Rb8 25.Ra1 Qb5 26.h3 Qc6 27.Rac1 Qe6 28.Rd5 Rb5 29.Rd2
Qb6 30.Rcd1 Bc8 31.Rd6 Qxf2+ 32.Qxf2 Rxf2 33.Kxf2 Rb4 34.Kf3
Ra4 35.R1d2 Kf8 36.g4 Bb7 37.Rxd7 Bxe4+ 38.Kg3 Bg6 39.h4 Ra3+
40.Kh2 Ra4 41.h5 Bb1 42.Kg3 Bxa2 43.h6 Kg8 44.R2d6 Be6 45.Rxe6
fxe6 46.g5 a5 47.g6 Rd4 48.Ra7 Rd8 49.Kg4 e4 50.Kg5 e3 51.h7+
Kh8 52.Kh6 1-0

[Event "Êîìàíäíîå ïåð-âî ÐÔ 2012 ã. ïî êëàññè÷åñêèì øàõìàòàì "]
[Site "Ðûáèíñê"]
[Date "2012.08.04"]
[Round "3.64"]
[White "Ôðîëîâà Åêàòåðèíà"]
[Black "Íàñûáóëèíà Àëüôèÿ"]
[Result "1/2-1/2"]
[WhiteElo "2078"]
[BlackElo "2064"]
[Annotator ""]
[Source ""]
[Remark ""]

1.e4 e6 2.d4 d5 3.Nc3 Bb4 4.exd5 exd5 5.Bd3 Nf6 6.Nge2 c5 7.dxc5
O-O 8.O-O h6 9.h3 Nc6 10.Bf4 Bxc5 11.a3 Re8 12.b4 Bf8 13.Nb5
Ne5 14.Re1 a6 15.Nbd4 Bd7 16.Bf5 Rc8 17.Ng3 Nc4 18.Rxe8 Qxe8
19.Qf3 a5 20.Bxd7 Qxd7 21.Rb1 Qa4 22.Qb3 Qxa3 23.bxa5 Nxa5 24.Qxa3
Bxa3 25.Rb5 Bc5 26.Ndf5 b6 27.Rxb6 Nc4 28.Rb7 Ra8 29.Rc7 Ra1+
30.Nf1 Ne4 31.g4 Nxf2 32.Kg2 Bb6 33.Rc8+ Kh7 34.N1e3 Ne4 35.Nxd5
Rg1+ 36.Kf3 Ned2+ 37.Ke2 Rg2+ 38.Kd3 Ba5 39.Rb8 g5 40.Bxd2 Nxd2
41.Rf8 Rh2 42.Rxf7+ Kg8 43.Nxh6+ Kh8 44.Ne7 Rxh3+ 45.Kd4 Bc3+
46.Kd5 Rxh6 47.Rf8+ Kh7 48.Rf7+ Kh8 49.Rf8+ Kg7 50.Rc8 Kf7 51.Rxc3
Kxe7 52.Rc7+ Kd8 53.Rg7 Nf3 54.Ke4 Rf6 55.c4 Nd2+ 56.Kd3 Rd6+
57.Ke2 Nxc4 1/2-1/2

[Event "Êîìàíäíîå ïåð-âî ÐÔ 2012 ã. ïî êëàññè÷åñêèì øàõìàòàì "]
[Site "Ðûáèíñê"]
[Date "2012.08.04"]
[Round "3.71"]
[White "Þäèí Èâàí "]
[Black "Ïîëîñèí Åâãåíèé "]
[Result "1-0"]
[WhiteElo "2268"]
[BlackElo "2065"]
[Annotator ""]
[Source ""]
[Remark ""]

1.d4 Nf6 2.Nf3 c5 3.d5 b5 4.Bg5 Qb6 5.e3 Bb7 6.c4 bxc4 7.Bxc4
Ne4 8.Nbd2 Nxg5 9.Nxg5 Qg6 10.Qb3 Ba6 11.h4 Qb6 12.Qd3 h6 13.Ngf3
Bxc4 14.Nxc4 Qb4+ 15.Ke2 d6 16.a3 Qb7 17.b4 Nd7 18.Rab1 Qc7 19.Rhc1
g6 20.Qc3 Rg8 21.Na5 Bg7 22.Qd3 Bf6 23.Nc6 Kf8 24.e4 Kg7 25.bxc5
Nxc5 26.Rxc5 dxc5 27.e5 Kh7 28.exf6 exf6 29.Kf1 Rge8 30.g3 Qd7
31.Kg2 Rac8 32.Qc4 f5 33.Nfe5 Qd6 34.f4 f6 35.Rb7+ Rc7 36.Rxc7+
Qxc7 37.d6 Qb7 38.d7 Rf8 39.Qxc5 fxe5 40.Qe7+ Kg8 41.Qxf8+ Kxf8
42.d8Q+ Kf7 43.Qd5+ Kg7 44.fxe5 Qb2+ 45.Kh3 Qc1 46.e6 Qf1+ 47.Qg2
Qc4 48.e7 Qe6 49.Qb2+ Kh7 50.Qc2 f4+ 51.Kg2 Qd5+ 52.Kg1 Qe6 53.gxf4
Qe3+ 54.Kg2 Qe6 55.Ne5 Kh8 56.Nxg6+ Kg8 57.Ne5 Kh8 58.Kh2 a5
59.h5 a4 60.Qb2 Kh7 61.Qb1+ 1-0

[Event "Êîìàíäíîå ïåð-âî ÐÔ 2012 ã. ïî êëàññè÷åñêèì øàõìàòàì "]
[Site "Ðûáèíñê"]
[Date "2012.08.04"]
[Round "3.72"]
[White "Õàæèïîâ Òèìóð "]
[Black "Ãðèøèí Àëåêñàíäð "]
[Result "0-1"]
[WhiteElo "2107"]
[BlackElo "2229"]
[Annotator ""]
[Source ""]
[Remark ""]

1.e4 c6 2.d4 d5 3.Nc3 dxe4 4.Nxe4 Nd7 5.Nf3 Ngf6 6.Ng3 e6 7.Bd3
Bd6 8.O-O O-O 9.Re1 Qc7 10.Bg5 h6 11.Bd2 b6 12.Qc1 Re8 13.Ne4
Nxe4 14.Bxe4 Bb7 15.Bxh6 f5 16.Qg5 Nf8 17.Bd3 Qf7 18.Ne5 Bxe5
19.Rxe5 Kh7 20.Bxg7 Qxg7 21.Qh5+ Kg8 22.Bxf5 exf5 23.Rxe8 c5
24.g3 Rxe8 25.Qxe8 Qxd4 26.Qe3 Qd5 27.f3 Qxf3 28.Qxf3 Bxf3 29.Kf2
Be4 30.c3 Nd7 31.Rd1 Nf6 32.h3 Kf7 33.c4 Ke6 34.Ke3 Bg2 35.g4
Bxh3 36.gxf5+ Ke5 37.a3 Bxf5 38.Rd8 Nd7 39.Ra8 a5 40.Re8+ Kd6
41.Kd2 Be6 42.Kc3 Ne5 43.b3 a4 44.b4 Bf7 45.Ra8 Nxc4 46.bxc5+
bxc5 47.Rxa4 Nb6 48.Rh4 Kc6 49.Rh1 Na4+ 50.Kd3 Bg6+ 51.Kc4 Bf7+
52.Kd3 Bg6+ 53.Kc4 Nb6+ 54.Kc3 Kb5 55.Rh4 Bf7 56.Rh7 Na4+ 57.Kd2
Bg6 58.Rh6 Bb1 59.Rh4 c4 60.Rh5+ Kc6 61.Rh6+ Kc5 62.Rh5+ Kd4
63.Rh3 Bd3 64.Rh4+ Be4 65.Rh3 c3+ 66.Rxc3 Nxc3 67.a4 Bd3 68.a5
Ne4+ 69.Kc1 Kc3 70.Kd1 Ba6 71.Kc1 Nf2 72.Kb1 Nd3 73.Ka2 Kb4 74.Kb1
Kb3 75.Ka1 Nb4 76.Kb1 Na2 77.Ka1 Ka3 78.Kb1 Bd3+ 79.Ka1 Nc1 0-1

[Event "Êîìàíäíîå ïåð-âî ÐÔ 2012 ã. ïî êëàññè÷åñêèì øàõìàòàì "]
[Site "Ðûáèíñê"]
[Date "2012.08.04"]
[Round "3.73"]
[White "Ïèñêîâåö Íèêèòà"]
[Black "Ïàíîâ Ìàêñèì "]
[Result "1-0"]
[WhiteElo "1104"]
[BlackElo "2091"]
[Annotator ""]
[Source ""]
[Remark ""]

1.d4 Nf6 2.c4 g6 3.Nf3 Bg7 4.g3 O-O 5.Bg2 d6 6.O-O Nc6 7.Nc3
e5 8.h3 Nh5 9.Bg5 f6 10.Be3 f5 11.dxe5 Nxe5 12.Nxe5 Bxe5 13.Bd4
c6 14.e3 Qe7 15.Re1 Be6 16.f4 Bf6 17.Bxf6 Qxf6 18.g4 fxg4 19.hxg4
Nxf4 20.Ne4 Qh4 21.exf4 Bxg4 22.Qd3 Rae8 23.Qg3 Qxg3 24.Nxg3
Rxe1+ 25.Rxe1 Rxf4 26.Re4 Rxe4 27.Nxe4 Be6 28.Nxd6 b5 29.c5 Bd7
30.Nb7 Kf8 31.Na5 Ke7 32.Nxc6+ Bxc6 33.Bxc6 b4 34.Be4 Ke6 35.c6
Kd6 36.Kf2 g5 37.Ke3 h5 38.b3 a6 39.Kd4 h4 40.Ke3 g4 41.Kf4 1-0

[Event "Êîìàíäíîå ïåð-âî ÐÔ 2012 ã. ïî êëàññè÷åñêèì øàõìàòàì "]
[Site "Ðûáèíñê"]
[Date "2012.08.04"]
[Round "3.74"]
[White "Õàôèçîâà ßíà "]
[Black "Ïàðàìçèíà Àíàñòàñèÿ "]
[Result "0-1"]
[WhiteElo "1920"]
[BlackElo "2021"]
[Annotator ""]
[Source ""]
[Remark ""]

1.d4 d5 2.c4 e6 3.Nc3 Be7 4.Nf3 Nf6 5.Bg5 O-O 6.e3 Nbd7 7.Bd3
dxc4 8.Bxc4 c5 9.O-O a6 10.a4 cxd4 11.Nxd4 Qa5 12.Bh4 Ne5 13.Bb3
Ng6 14.Bxf6 Bxf6 15.Ne4 Be7 16.Bc2 Rd8 17.Qe2 e5 18.Nb3 Qb4 19.Nbd2
Bg4 20.f3 Be6 21.a5 Rac8 22.Rac1 Rxc2 23.Rxc2 Bb3 24.Nxb3 Qxb3
25.Rc3 Qb4 26.Ra1 h6 27.Qc2 Bg5 28.Ra4 Qb5 29.Raa3 Ne7 30.Rc5
Qb4 31.Rcc3 Nd5 32.Ra4 Bxe3+ 33.Kh1 Qb5 34.Rd3 Bd4 35.Qd1 Rc8
36.Raa3 Qxb2 37.Rab3 Qa2 38.Ra3 Qf2 39.Rd2 Qh4 40.h3 Ne3 41.Qb1
Qf4 42.Re2 Nf5 0-1

[Event "Êîìàíäíîå ïåð-âî ÐÔ 2012 ã. ïî êëàññè÷åñêèì øàõìàòàì "]
[Site "Ðûáèíñê"]
[Date "2012.08.04"]
[Round "3.81"]
[White "Òàðàñîâ Àëåêñàíäð "]
[Black "Ñàâèöêèé Ñåðãåé "]
[Result "1/2-1/2"]
[WhiteElo "2124"]
[BlackElo "2368"]
[Annotator ""]
[Source ""]
[Remark ""]

1.d4 Nf6 2.c4 d6 3.Nf3 g6 4.g3 Bg7 5.Bg2 O-O 6.O-O Nc6 7.Nc3
a6 8.b3 Rb8 9.Nd5 Nh5 10.Bb2 e6 11.Ne3 f5 12.Qd2 Ne7 13.Rac1
Nf6 14.Ne1 g5 15.Nd3 Ng6 16.c5 e5 17.cxd6 cxd6 18.dxe5 dxe5 19.Rfd1
e4 20.Nc5 Qxd2 21.Rxd2 b6 22.Na4 b5 23.Nc5 Rb6 24.Rdc2 f4 25.Nf1
e3 26.fxe3 fxg3 27.Nxg3 Nh4 28.Bxf6 Bxf6 29.Bd5+ Kh8 30.Nce4
Bf5 31.Rc6 Bd8 32.Rf1 Rxc6 33.Bxc6 Bb6 34.Nxf5 Rxf5 35.Rxf5 Nxf5
36.Kh1 Bxe3 37.b4 Nd4 38.Bb7 Nc2 39.Bxa6 Nxb4 40.Bxb5 Nxa2 41.Bc4 1/2-1/2

[Event "Êîìàíäíîå ïåð-âî ÐÔ 2012 ã. ïî êëàññè÷åñêèì øàõìàòàì "]
[Site "Ðûáèíñê"]
[Date "2012.08.04"]
[Round "3.82"]
[White "Ïðàíèçèí Ãåííàäèé "]
[Black "Êîæåâíèêîâ Èâàí "]
[Result "1-0"]
[WhiteElo "2153"]
[BlackElo "2073"]
[Annotator ""]
[Source ""]
[Remark ""]

1.e4 c5 2.Nc3 Nc6 3.g3 g6 4.Bg2 Bg7 5.f4 d6 6.Nf3 e6 7.O-O Nge7
8.d3 O-O 9.Be3 b6 10.Nh4 d5 11.f5 d4 12.f6 Bxf6 13.Rxf6 dxe3
14.e5 Qd4 15.Qe2 Qxe5 16.Bxc6 Nxc6 17.Ne4 Ne7 18.Raf1 Bb7 19.Nf3
Qxb2 20.Nfg5 Nf5 21.g4 Bxe4 22.Nxe4 Qe5 23.Qf3 Rad8 24.gxf5 exf5
25.Qg3 Qd4 26.c3 Qxd3 27.Nd6 Qxc3 28.Nxf5 Qxf6 29.Nh6+ Kg7 30.Rxf6
e2 31.Qe5 Rd1+ 32.Kg2 e1Q 33.Rxf7+ Kxh6 34.Qf4+ g5 35.Qf6+ Kh5
36.Rxh7+ 1-0

[Event "Êîìàíäíîå ïåð-âî ÐÔ 2012 ã. ïî êëàññè÷åñêèì øàõìàòàì "]
[Site "Ðûáèíñê"]
[Date "2012.08.04"]
[Round "3.83"]
[White "Åëåöêèé Èâàí "]
[Black "Îðåõîâ Íèêîëàé "]
[Result "0-1"]
[WhiteElo "2115"]
[BlackElo "2085"]
[Annotator ""]
[Source ""]
[Remark ""]

1.e4 e6 2.d4 d5 3.Nd2 Be7 4.Bd3 Nf6 5.c3 c5 6.e5 Nfd7 7.Ne2 Nc6
8.Nf3 O-O 9.O-O f6 10.Nf4 Ndxe5 11.Nxe5 fxe5 12.dxe5 Nxe5 13.Bc2
Bd6 14.Be3 Qf6 15.b3 Qf7 16.f3 b6 17.Nd3 Ba6 18.f4 Nxd3 19.Bxd3
Bxd3 20.Qxd3 Rad8 21.Rad1 Qf5 22.Qxf5 Rxf5 23.g4 Rff8 24.h3 Be7
25.c4 d4 26.Bc1 Bh4 27.Rd3 Rde8 28.Bd2 g5 29.Kg2 gxf4 30.Kf3
e5 31.Ke4 Kf7 32.Rdf3 Ke6 33.a3 a5 34.Ra1 Ra8 35.Rg1 h6 36.Rd3
Rg8 37.Rf3 h5 38.Rff1 hxg4 39.hxg4 Rg6 40.Kf3 Rag8 41.Rb1 Bg3
42.b4 Rxg4 43.bxa5 Kf5 44.axb6 e4+ 45.Ke2 d3+ 46.Kd1 e3 47.b7
Rb8 48.Ba5 f3 49.Be1 f2 0-1

[Event "Êîìàíäíîå ïåð-âî ÐÔ 2012 ã. ïî êëàññè÷åñêèì øàõìàòàì "]
[Site "Ðûáèíñê"]
[Date "2012.08.04"]
[Round "3.84"]
[White "Ïàâëîâà Íàòàëüÿ "]
[Black "Êèñòåíåâà Åëèçàâåòà "]
[Result "1-0"]
[WhiteElo "1726"]
[BlackElo "2040"]
[Annotator ""]
[Source ""]
[Remark ""]

1.e4 c5 2.Nf3 d6 3.d4 cxd4 4.Qxd4 Nc6 5.Bb5 Bd7 6.Bxc6 Bxc6 7.Nc3
Nf6 8.Bg5 e6 9.O-O-O Be7 10.Qd3 Qa5 11.Bd2 a6 12.Nd4 Qc7 13.f4
Rc8 14.Rhe1 O-O 15.g4 Nd7 16.g5 Rfd8 17.f5 Nc5 18.Qg3 e5 19.Nxc6
bxc6 20.f6 Bf8 21.h4 Ne6 22.h5 Rb8 23.g6 fxg6 24.hxg6 hxg6 25.Rh1
gxf6 26.Qxg6+ Bg7 27.Rdg1 Qf7 28.Qf5 Kf8 29.Rh7 Ke7 30.Nd5+ cxd5
31.exd5 Nd4 32.Rgxg7 Nxf5 33.Rxf7+ Ke8 34.Rc7 1-0

[Event "Êîìàíäíîå ïåð-âî ÐÔ 2012 ã. ïî êëàññè÷åñêèì øàõìàòàì "]
[Site "Ðûáèíñê"]
[Date "2012.08.04"]
[Round "3.91"]
[White "Íîæêèí Íèêèòà "]
[Black "Ìàðòûíîâ Ïàâåë "]
[Result "0-1"]
[WhiteElo "2117"]
[BlackElo "2289"]
[Annotator ""]
[Source ""]
[Remark ""]

1.e4 c5 2.c3 Nf6 3.e5 Nd5 4.d4 cxd4 5.Qxd4 e6 6.Bc4 Nc6 7.Qe4
f5 8.Qe2 Nde7 9.Nf3 Qc7 10.O-O Ng6 11.Re1 Be7 12.a4 O-O 13.Na3
Na5 14.b4 Nxc4 15.Qxc4 Qxc4 16.Nxc4 b6 17.Rd1 Rd8 18.Bg5 Bb7
19.Bxe7 Nxe7 20.Nd4 Ng6 21.Nd6 Rab8 22.Re1 a6 23.a5 Ba8 24.axb6
Rxb6 25.Nc4 Rbb8 26.Rxa6 Nf4 27.Ne3 Rdc8 28.Ra3 Nd3 29.Re2 Kf8
30.h3 Nxe5 31.f4 Nd3 32.g3 Be4 33.Nd1 Nc1 34.Re1 Nd3 35.Re2 Ra8
36.Rea2 Rxa3 37.Rxa3 Nxb4 38.Nf2 Nd5 39.Nxe4 fxe4 40.Ne2 Ke7
41.Kf2 h5 42.Ke1 e3 43.Kd1 h4 44.g4 Rc4 45.Ra5 Nxf4 46.Nxf4 Rxf4
47.Ke2 Rf2+ 48.Kxe3 Rh2 49.Rh5 Rxh3+ 50.Kd4 Rh1 51.Rh7 Kf7 52.Ke5
h3 53.Kd6 h2 54.Kc7 d5 55.Kd6 e5 56.Rh5 e4 57.Rf5+ Kg6 58.Rf2
Kg5 0-1

[Event "Êîìàíäíîå ïåð-âî ÐÔ 2012 ã. ïî êëàññè÷åñêèì øàõìàòàì "]
[Site "Ðûáèíñê"]
[Date "2012.08.04"]
[Round "3.92"]
[White "Ìàðêåâè÷ Èëüÿ "]
[Black "Êàðäàøåâñêèé Åâãåíèé "]
[Result "1/2-1/2"]
[WhiteElo "2210"]
[BlackElo "2105"]
[Annotator ""]
[Source ""]
[Remark ""]

1.e4 c5 2.Nf3 g6 3.d4 cxd4 4.Nxd4 Nf6 5.Nc3 Nc6 6.Nb3 Bg7 7.Be2
O-O 8.O-O d6 9.Bg5 Bd7 10.Kh1 Rc8 11.f4 a6 12.Bf3 b5 13.Re1 b4
14.Nd5 Be6 15.Nxf6+ exf6 16.Bh4 Qd7 17.Qd3 f5 18.c3 fxe4 19.Bxe4
bxc3 20.bxc3 Ne7 21.Nd4 Bc4 22.Qf3 Rfe8 23.Bf2 d5 24.Bc2 Rb8
25.f5 Nc6 26.Rxe8+ Qxe8 27.f6 Nxd4 28.cxd4 Bf8 29.Bb3 Bxb3 30.axb3
Qb5 31.g3 Rb6 32.Kg2 Qc6 33.Ra5 Rb5 34.Ra2 Qb7 35.Qe2 Rb6 36.Qe5
Re6 37.Qg5 Qxb3 38.Ra5 Rd6 39.Rc5 Qb7 40.Ra5 Qb6 41.Rc5 Rxf6
42.Rc8 Qe6 43.Rd8 Qe4+ 44.Kg1 Qf3 45.Qe3 Qxe3 46.Bxe3 Rd6 47.Ra8
Kg7 48.Bf4 Rd7 49.Be5+ f6 50.Bxf6+ Kxf6 51.Rxf8+ Kg5 52.Kf2 Rd6
53.Ra8 Rb6 54.Rd8 Rb5 55.Kf3 a5 56.Rd7 h5 57.Ra7 Kf5 58.Rf7+
Kg5 59.h4+ Kh6 60.Ra7 Rb4 61.Rxa5 Rxd4 62.Ra7 Rd3+ 63.Kf2 Rb3
64.Rd7 Rd3 65.Ra7 Rd2+ 66.Ke3 1/2-1/2

[Event "Êîìàíäíîå ïåð-âî ÐÔ 2012 ã. ïî êëàññè÷åñêèì øàõìàòàì "]
[Site "Ðûáèíñê"]
[Date "2012.08.04"]
[Round "3.93"]
[White "Ïîëÿíöåâ Ðàäæ "]
[Black "Ãàíè÷åâ Àëåêñàíäð "]
[Result "0-1"]
[WhiteElo "1951"]
[BlackElo "2122"]
[Annotator ""]
[Source ""]
[Remark ""]

1.e4 c5 2.c3 d5 3.exd5 Qxd5 4.d4 Nf6 5.Nf3 e6 6.Na3 a6 7.Nc4
Nbd7 8.Be2 b5 9.Nce5 cxd4 10.Nxd7 Qxd7 11.Nxd4 Bb7 12.O-O Be7
13.Bg5 O-O 14.Bf3 Nd5 15.Bxe7 Qxe7 16.Qe2 Qg5 17.Rfe1 Rad8 18.Qe5
Qxe5 19.Rxe5 Rd7 20.Rd1 Rfd8 21.Ree1 g6 22.Nb3 Rc7 23.Rd4 Ba8
24.Red1 Kf8 25.Kf1 Ke7 26.Ke1 h5 27.R1d2 Rb8 28.a3 Nb6 29.Bxa8
Rxa8 30.Na5 Nd5 31.Ke2 g5 32.g3 f5 33.h4 g4 34.c4 bxc4 35.Nxc4
Rb8 36.b4 Nc3+ 37.Kf1 Nb5 38.Rf4 Rbc8 39.Ne5 Nxa3 40.Rfd4 Nc4
41.Nxc4 Rxc4 42.Rd7+ Kf6 43.Rh7 Rc1+ 44.Ke2 R8c4 45.Rh6+ Ke5
46.Rxh5 Re4+ 47.Kd3 Rd4+ 48.Ke2 Rxb4 49.Ra2 Kd4 50.Rh8 Rcb1 51.Rd8+
Ke4 52.Rdd2 Rb6 53.Ra5 e5 54.Ra4+ R1b4 55.Ra3 f4 56.gxf4 exf4
57.f3+ gxf3+ 58.Rxf3 Rb2 59.Ra3 f3+ 60.Ke1 f2+ 61.Rxf2 Rb1+ 62.Kd2
R6b2+ 63.Kc3 Rxf2 64.Rxa6 Rc1+ 65.Kb3 Rf7 66.h5 Rb7+ 67.Ka2 Rh1
68.h6 Kf5 0-1

[Event "Êîìàíäíîå ïåð-âî ÐÔ 2012 ã. ïî êëàññè÷åñêèì øàõìàòàì "]
[Site "Ðûáèíñê"]
[Date "2012.08.04"]
[Round "3.94"]
[White "Ëåæåïåêîâà Âåðîíèêà "]
[Black "Àíóôðèåíêî Äàðüÿ "]
[Result "1/2-1/2"]
[WhiteElo "2124"]
[BlackElo "1985"]
[Annotator ""]
[Source ""]
[Remark ""]

1.d4 d5 2.c4 e6 3.Nf3 Nf6 4.e3 Nbd7 5.Nbd2 Be7 6.Bd3 O-O 7.O-O
b6 8.Ne5 Bb7 9.b3 c5 10.Bb2 Re8 11.Ndf3 h6 12.cxd5 Bxd5 13.Bb5
a6 14.Nc6 Qc7 15.Nxe7+ Rxe7 16.Bd3 cxd4 17.exd4 Qb7 18.Be2 Nf8
19.Rc1 Ng6 20.g3 Rd8 21.Ne5 Nxe5 22.dxe5 Red7 23.exf6 Bh1 24.f3
Rxd1 25.Rcxd1 Qc7 26.Rxd8+ Qxd8 27.Rd1 Qc7 28.Kxh1 g6 29.Bxa6
Qc2 30.Rd8+ Kh7 31.Bd4 e5 32.Bxe5 Qb1+ 33.Kg2 Qxa2+ 34.Kg1 Qxa6
35.Rd7 Kg8 36.Rd8+ Kh7 37.Rd7 Kg8 38.Rd8+ Kh7 39.Rd7 Kg8 1/2-1/2

[Event "Êîìàíäíîå ïåð-âî ÐÔ 2012 ã. ïî êëàññè÷åñêèì øàõìàòàì "]
[Site "Ðûáèíñê"]
[Date "2012.08.04"]
[Round "3.101"]
[White "Àôàíàñüåâ Äìèòðèé "]
[Black "Ñòóêîïèí Àíäðåé "]
[Result "0-1"]
[WhiteElo "2102"]
[BlackElo "2503"]
[Annotator ""]
[Source ""]
[Remark ""]

1.Nf3 c5 2.c4 Nc6 3.g3 g6 4.Bg2 Bg7 5.O-O Nh6 6.Na3 Nf5 7.Nc2
d6 8.Rb1 Bd7 9.d3 Qc8 10.b4 h5 11.h4 Rb8 12.bxc5 dxc5 13.Bb2
O-O 14.Qd2 Rd8 15.Bxg7 Kxg7 16.Ne3 f6 17.Rb2 b6 18.Rc1 Qc7 19.Nxf5+
Bxf5 20.Nh2 Nd4 21.Nf1 Bd7 22.Ne3 Bc6 23.Bxc6 Qxc6 24.Qd1 Qe6
25.Rcb1 Kf7 26.Nd5 Qe5 27.a4 e6 28.Nf4 Nc6 29.Qf1 Rd6 30.Rb5
Rd7 31.e3 Qd6 32.Qg2 Rbd8 33.Qe4 f5 34.Qg2 Nb4 35.a5 e5 36.Nh3
Qxd3 37.Ng5+ Ke7 38.Rf1 Qxc4 39.Rxb4 cxb4 40.axb6 axb6 0-1

[Event "Êîìàíäíîå ïåð-âî ÐÔ 2012 ã. ïî êëàññè÷åñêèì øàõìàòàì "]
[Site "Ðûáèíñê"]
[Date "2012.08.04"]
[Round "3.102"]
[White "Òèëè÷ååâ Âÿ÷åñëàâ "]
[Black "Ðîòìèñòðîâ Àëåêñàíäð "]
[Result "1-0"]
[WhiteElo "2416"]
[BlackElo "1933"]
[Annotator ""]
[Source ""]
[Remark ""]

1.e4 c5 2.Nf3 e6 3.b3 b6 4.Bb2 Bb7 5.e5 Ne7 6.Na3 Ng6 7.h4 Be7
8.h5 Nh4 9.Nxh4 Bxh4 10.Qg4 Bg5 11.Nc4 O-O 12.Nd6 Ba6 13.h6 g6
14.Bxa6 Nxa6 15.Nb7 f5 16.Qe2 Qc8 17.Nd6 Qc6 18.Qxa6 Qxg2 19.Qb7
Bxd2+ 20.Kxd2 Qxf2+ 21.Kc1 Rab8 22.Qxd7 Qe3+ 23.Kb1 Qf3 24.Qg7# 1-0

[Event "Êîìàíäíîå ïåð-âî ÐÔ 2012 ã. ïî êëàññè÷åñêèì øàõìàòàì "]
[Site "Ðûáèíñê"]
[Date "2012.08.04"]
[Round "3.103"]
[White "Ïîãîñÿí Àâåòèê "]
[Black "Çàñüêî Ãðèãîðèé "]
[Result "0-1"]
[WhiteElo "1802"]
[BlackElo "2120"]
[Annotator ""]
[Source ""]
[Remark ""]

1.d4 Nf6 2.c4 g6 3.Nc3 Bg7 4.Nf3 O-O 5.Bg5 d6 6.h3 Nbd7 7.e3
c6 8.Be2 e5 9.O-O Qc7 10.Bh4 Re8 11.Bg3 Nf8 12.c5 dxc5 13.Nxe5
cxd4 14.exd4 Qd8 15.Qb3 Ne6 16.Rad1 Qb6 17.Qxb6 axb6 18.Bf3 Ng5
19.Be2 Nge4 20.Bc4 Be6 21.Bh2 Bxc4 22.Nxc4 Nxc3 23.bxc3 Nd5 24.Nd6
Re2 25.c4 Nc3 26.Rd3 Rc2 27.Nxb7 Bxd4 28.Bg3 Raxa2 29.Kh2 Rd2
30.Rxd2 Rxd2 31.Nd6 Bc5 32.Ne8 Re2 33.Nf6+ Kg7 34.Ng4 Bd4 35.Bc7
b5 36.cxb5 cxb5 37.f4 b4 38.Ne5 b3 39.Nc4 b2 40.Nxb2 Rxb2 41.f5
Nd5 42.Bg3 Ne3 43.f6+ Bxf6 44.Rg1 Bd4 45.h4 Ng4+ 0-1

[Event "Êîìàíäíîå ïåð-âî ÐÔ 2012 ã. ïî êëàññè÷åñêèì øàõìàòàì "]
[Site "Ðûáèíñê"]
[Date "2012.08.04"]
[Round "3.111"]
[White "Çóáêîâ Âñåâîëîä "]
[Black "Ìèõàéëîâ Âÿ÷åñëàâ "]
[Result "0-1"]
[WhiteElo "1928"]
[BlackElo "2325"]
[Annotator ""]
[Source ""]
[Remark ""]

1.e4 c5 2.Nf3 Nc6 3.d4 cxd4 4.Nxd4 g6 5.c4 Bg7 6.Be3 d6 7.Be2
Nf6 8.Nc3 O-O 9.O-O a6 10.f3 Bd7 11.Nxc6 bxc6 12.c5 Be6 13.Na4
d5 14.exd5 Nxd5 15.Bf2 Qa5 16.a3 Nf4 17.Nb6 Rad8 18.Qe1 Qxe1
19.Raxe1 Bxb2 20.Bxa6 Bxa3 21.Ra1 Bb2 22.Rab1 Bf6 23.Be3 Nd3
24.Rfd1 Nb2 25.Rxd8 Rxd8 26.Bb7 Nd1 27.Bf2 Nxf2 28.Kxf2 Bd4+
29.Ke2 Bxc5 30.Na4 Bc4+ 31.Ke1 Bg1 32.h3 Bh2 33.Kf2 Rd2+ 34.Ke3
Rxg2 35.Bxc6 e5 0-1

[Event "Êîìàíäíîå ïåð-âî ÐÔ 2012 ã. ïî êëàññè÷åñêèì øàõìàòàì "]
[Site "Ðûáèíñê"]
[Date "2012.08.04"]
[Round "3.112"]
[White "Ìîðîçîâ Åãîð "]
[Black "Ìåëüíèêîâ Ïåòð "]
[Result "1-0"]
[WhiteElo "2116"]
[BlackElo "1878"]
[Annotator ""]
[Source ""]
[Remark ""]

1.e4 e5 2.Nf3 Nc6 3.d4 exd4 4.Bb5 Bc5 5.O-O Nge7 6.Ng5 d6 7.Qh5
g6 8.Qh6 Ng8 9.Qh4 Bd7 10.Kh1 Qf6 11.Qg3 h6 12.Nh3 O-O-O 13.f4
Re8 14.Nd2 Qd8 15.Bc4 Be6 16.Bxe6+ Rxe6 17.a3 Nf6 18.b4 Bb6 19.Nf2
g5 20.f5 Ree8 21.Re1 Ne5 22.Nd3 Nfg4 23.Nxe5 Nxe5 24.a4 c6 25.Bb2
a5 26.Nb3 Nc4 27.bxa5 Nxa5 28.Nxd4 Nc4 29.Qb3 Nxb2 30.Qxb2 Bc5
31.a5 {%07-2128609232} Qf6 32.a6 b5 33.c3 Bxd4 34.cxd4 Kd7 35.Qb4
Qd8 36.e5 Qc7 37.a7 Ra8 38.h3 Rhe8 39.d5 dxe5 40.dxc6+ Kc8 41.Qxb5
Rxa7 42.Ra6 Qb8 43.Rb6 Qc7 44.Rb1 Ra8 45.Rb7 Qd6 46.c7 1-0

[Event "Êîìàíäíîå ïåð-âî ÐÔ 2012 ã. ïî êëàññè÷åñêèì øàõìàòàì "]
[Site "Ðûáèíñê"]
[Date "2012.08.04"]
[Round "3.113"]
[White "Õîðñóí Âñåâîëîä "]
[Black "Ñåäûõ Åãîð "]
[Result "1-0"]
[WhiteElo "1882"]
[BlackElo "1847"]
[Annotator ""]
[Source ""]
[Remark ""]

1.e4 c5 2.Nf3 d6 3.d4 cxd4 4.Nxd4 Nf6 5.Nc3 g6 6.Be3 Bg7 7.f3
O-O 8.Qd2 Nc6 9.O-O-O Bd7 10.g4 Rc8 11.h4 Ne5 12.h5 a6 13.hxg6
fxg6 14.Bh6 Qa5 15.Bxg7 Kxg7 16.Qh6+ Kg8 17.g5 Nh5 18.Nd5 Rf7
19.Kb1 Bc6 20.Bh3 Bd7 21.Bxd7 Nxd7 22.f4 Nf8 23.f5 Qc5 24.c3
Ng3 25.f6 exf6 26.gxf6 Re8 27.Ne7+ Rexe7 28.fxe7 Rxe7 29.Qh4
Qe5 30.Rhe1 Rf7 31.Rd3 Nh5 32.Rf3 Nf4 33.Qg3 Kh8 34.Ree3 h6 35.Nf5
N8e6 36.Nxh6 Rh7 37.Ng4 Rh1+ 38.Kc2 Qg5 39.e5 Qf5+ 40.Kb3 Nc5+
41.Ka3 g5 42.exd6 Ne4 43.Rxe4 Qxe4 44.Re3 Qc6 45.Ne5 Qxd6+ 46.b4
Qf6 47.Qxg5 Qxg5 48.Nf7+ Kg7 49.Nxg5 Nd5 50.Rd3 Nb6 51.Ne6+ Kf6
52.Nc5 Rh7 53.Rd6+ 1-0

[Event "Êîìàíäíîå ïåð-âî ÐÔ 2012 ã. ïî êëàññè÷åñêèì øàõìàòàì "]
[Site "Ðûáèíñê"]
[Date "2012.08.04"]
[Round "3.121"]
[White "Ìàëûøåâ Ãðèãîðèé "]
[Black "Äåíèñîâ Âëàäèñëàâ "]
[Result "1/2-1/2"]
[WhiteElo "2003"]
[BlackElo "2110"]
[Annotator ""]
[Source ""]
[Remark ""]

1.d4 d5 2.c4 dxc4 3.Nf3 Nf6 4.e3 a6 5.a4 e6 6.Bxc4 c5 7.O-O Nc6
8.Qe2 cxd4 9.Rd1 Be7 10.exd4 O-O 11.Nc3 Qc7 12.Bg5 Rd8 13.Rac1
Qa5 14.Bh4 Nb4 15.Ne4 Qxa4 16.Nxf6+ Bxf6 17.Bxf6 gxf6 18.Qe4
Qa5 19.Qg4+ Kh8 20.Qh4 Kg7 21.Qg4+ Kh8 22.Qh4 Kg7 23.Qg4+ Kh8 1/2-1/2

[Event "Êîìàíäíîå ïåð-âî ÐÔ 2012 ã. ïî êëàññè÷åñêèì øàõìàòàì "]
[Site "Ðûáèíñê"]
[Date "2012.08.04"]
[Round "3.122"]
[White "Ïàÿíèäè ßíèñ "]
[Black "Àãàôîíöåâà Ñîôüÿ "]
[Result "1-0"]
[WhiteElo "2096"]
[BlackElo "1618"]
[Annotator ""]
[Source ""]
[Remark ""]

1.e4 c5 2.c3 Nf6 3.e5 Nd5 4.d4 cxd4 5.Nf3 Nc6 6.cxd4 e6 7.Nc3
Nb6 8.Bd3 d6 9.Bg5 Be7 10.Bxe7 Qxe7 11.O-O O-O 12.exd6 Qd8 13.Rc1
h6 14.Nb5 a6 15.Nc7 Ra7 16.Bxa6 Nb4 17.Bc4 Ra5 18.a3 Nc6 19.d5
exd5 20.Nxd5 Nxc4 21.Rxc4 Be6 22.Ne7+ Nxe7 23.dxe7 Qxe7 24.Rd4
Qf6 25.Qd2 Rh5 26.Rc1 b5 27.Rf4 Qe7 28.Nd4 Rd5 29.Qe2 Rfd8 30.Nf3
Qd6 31.Re4 Kh7 32.h3 Rd3 33.Re3 Bc4 34.Rxd3 Bxd3 35.Qd2 Qg6 36.Qe3
Qf6 37.Rc3 Bg6 38.Qe5 Rd1+ 39.Kh2 Qb6 40.Qc5 Qf6 41.Qxb5 Qd6+
42.Qe5 Qb6 43.Qe2 Qd6+ 44.g3 Qd5 45.Re3 Rc1 46.Ne1 Qc6 47.f4
Bf5 48.Qd2 g5 49.fxg5 hxg5 50.Re5 Kg6 51.Re3 Be4 52.Qf2 f5 53.Re2
Bd3 54.Rd2 Be4 55.Qe2 Kg7 56.Rd1 Rc5 57.Qd2 Kg6 58.Qd6+ Qxd6
59.Rxd6+ Kf7 60.Rd2 f4 61.gxf4 gxf4 62.Rf2 Rf5 63.Ng2 f3 64.Nh4
Rf6 65.Kg3 Kg7 66.Nxf3 Rg6+ 67.Kf4 Bb7 68.Nd4 Kh7 69.Re2 Bg2
70.Nf5 Bh1 71.h4 Rc6 72.h5 Rc4+ 73.Kg5 Rc5 74.Re7+ Kg8 75.h6
Bg2 76.Kf6 Bh3 77.h7+ Kh8 78.Nh4 Rc6+ 79.Kg5 Rc5+ 80.Kh6 1-0

[Event "Êîìàíäíîå ïåð-âî ÐÔ 2012 ã. ïî êëàññè÷åñêèì øàõìàòàì "]
[Site "Ðûáèíñê"]
[Date "2012.08.04"]
[Round "3.124"]
[White "Èâàíîâà Êàðèíà "]
[Black "Ìàíäðûêèíà Çîÿ "]
[Result "1-0"]
[WhiteElo "1970"]
[BlackElo "1742"]
[Annotator ""]
[Source ""]
[Remark ""]

1.d4 Nf6 2.c4 d6 3.Nc3 Nbd7 4.Nf3 e5 5.e4 c6 6.Be2 Be7 7.O-O
O-O 8.Re1 Ne8 9.Be3 Nc7 10.Qc2 a6 11.Rad1 Qe8 12.a3 b5 13.b4
bxc4 14.Bxc4 a5 15.d5 axb4 16.axb4 Nf6 17.dxc6 Qxc6 18.Qd3 Ra3
19.Ra1 Qa8 20.Rxa3 Qxa3 21.Nd5 1-0

[Event "Êîìàíäíîå ïåð-âî ÐÔ 2012 ã. ïî êëàññè÷åñêèì øàõìàòàì "]
[Site "Ðûáèíñê"]
[Date "2012.08.04"]
[Round "3.131"]
[White "Ìàñëîâ Èâàí "]
[Black "Ìàì÷åíêî Ñåðãåé "]
[Result "1-0"]
[WhiteElo "1975"]
[BlackElo "1980"]
[Annotator ""]
[Source ""]
[Remark ""]

1.e4 e6 2.d4 d5 3.Nd2 Be7 4.Ngf3 Nf6 5.e5 Nfd7 6.Bd3 c5 7.c3
Nc6 8.O-O Qb6 9.dxc5 Qc7 10.b4 Ncxe5 11.Nxe5 Nxe5 12.Nb3 Nxd3
13.Qxd3 O-O 14.Be3 Rd8 15.f4 Bd7 16.Bd4 Be8 17.Qe3 Bf6 18.Bxf6
gxf6 19.Qg3+ Kf8 20.Qh4 Ke7 21.Rae1 Bb5 22.Rf3 Rf8 23.Nd4 a6
24.Qxh7 Kd8 25.Rxe6 1-0